Statistics for NBA Champions since 1959

Click here to take the quiz!

General Stats

  • This quiz has been taken 51 times
  • The average score is 59 of 61

Answer Stats

YearChampion% Correct
1959Boston Celtics
100%
1965Boston Celtics
100%
1986Boston Celtics
100%
1984Boston Celtics
100%
1963Boston Celtics
100%
1961Boston Celtics
100%
1981Boston Celtics
100%
1962Boston Celtics
100%
2008Boston Celtics
100%
1964Boston Celtics
100%
1966Boston Celtics
100%
1960Boston Celtics
100%
1976Boston Celtics
100%
1974Boston Celtics
100%
1968Boston Celtics
100%
1969Boston Celtics
100%
1975Golden State Warriors
100%
2015Golden State Warriors
100%
2016Golden State Warriors
100%
2018Golden State Warriors
100%
1980Los Angeles Lakers
100%
1982Los Angeles Lakers
100%
1985Los Angeles Lakers
100%
1987Los Angeles Lakers
100%
1988Los Angeles Lakers
100%
1972Los Angeles Lakers
100%
2002Los Angeles Lakers
100%
2010Los Angeles Lakers
100%
2009Los Angeles Lakers
100%
2000Los Angeles Lakers
100%
2001Los Angeles Lakers
100%
2003San Antonio Spurs
100%
2014San Antonio Spurs
100%
2007San Antonio Spurs
100%
2005San Antonio Spurs
100%
1999San Antonio Spurs
100%
1993Chicago Bulls
98%
1992Chicago Bulls
98%
1998Chicago Bulls
98%
1997Chicago Bulls
98%
1996Chicago Bulls
98%
1991Chicago Bulls
98%
2017Cleveland Cavaliers
98%
1994Houston Rockets
98%
1995Houston Rockets
98%
2006Miami Heat
98%
2012Miami Heat
98%
2013Miami Heat
98%
2019Toronto Raptors
98%
2011Dallas Mavericks
96%
1990Detroit Pistons
96%
2004Detroit Pistons
96%
1989Detroit Pistons
96%
1967Philadelphia 76ers
93%
1983Philadelphia 76ers
93%
1970New York Knicks
87%
1973New York Knicks
87%
1971Milwaukee Bucks
80%
1979Seattle Supersonics
80%
1977Portland Trailblazers
76%
1978Washington Bullets/Wizards
71%

Score Distribution

Percentile by Number Answered

Percent of People with Each Score

Your Score History

You have not taken this quiz